00413nam a2200181Ia 4500003000900000008004100009040001300050040001300063041000800076100001900084245005300103250001100156260002100167260000900188300000800197490002000205490000600225IT-RoPAU120407s9999 xx 000 0 und d aIT-RoPAU cIT-RoPAU aita aTeodoro Tusino aNon disse mai no. P. Annibale Maria di Francia. aModena aEdizioni Paoline c1966 c cm aBiografie cont. v1